Ye Aghaz e Mohabbat Hai (Record no. 325206)

000 -LEADER
fixed length control field 00326 a2200133 4500
001 - CONTROL NUMBER
control field 90133
082 ## - DEWEY DECIMAL CLASSIFICATION NUMBER
Classification number 891.4393 AKH
090 ## - LOCALLY ASSIGNED LC-TYPE CALL NUMBER (OCLC); LOCAL CALL NUMBER (RLIN)
-- 42474
-- 42474
100 ## - MAIN ENTRY--PERSONAL NAME
Personal name Akhtar Shomaar
245 ## - TITLE STATEMENT
Title Ye Aghaz e Mohabbat Hai
Medium Urdu
260 ## - PUBLICATION, DISTRIBUTION, ETC.
Place of publication, distribution, etc. Islamabad
Name of publisher, distributor, etc. Dost Publications
Date of publication, distribution, etc. 1996
300 ## - PHYSICAL DESCRIPTION
Extent 128p.
500 ## - GENERAL NOTE
General note General Collection
942 ## - ADDED ENTRY ELEMENTS (KOHA)
Institution code [OBSOLETE] CAE NUST
Call number prefix 891.4393 AKH
Holdings
Withdrawn status Lost status Damaged status Not for loan Collection code Permanent Location Current Location Date acquired Total Checkouts Full call number Barcode Date last seen Price effective from Koha item type
          College of Aeronautical Engineering (CAE) College of Aeronautical Engineering (CAE) 04/03/2017   891.4393 AKH CAE86577 04/05/2017 04/05/2017 Book
© 2023 Central Library, National University of Sciences and Technology. All Rights Reserved.